00481nam a2200181Ia 4500003000400000005001700004008004100021020003000062040001700092082002300109100001800132245006200150250001100212260003300223300001500256650001300271650001500284IIN20240202124744.0231217s9999 xx 000 0 und d cRs.1995.00a9780071316743 aIINbEnglish a612 bTAT1 aTate, Philip 1 aSeeley's Principles of Anatomy & PhysiologycPhilip Tate a2nd ed bMcGraw Hill aNew Yorkc2012 axvi, 845p.1 aAnatomy 1 aPhysiology